|
|
|
|
| LEADER |
00000nab a2200000 ar4500 |
| 001 |
vtls010040120 |
| 003 |
SK-MaSNL |
| 005 |
20260303051022.0 |
| 008 |
100118c20100107xo dr|n|||||||000 b|slo |
| 015 |
|
|
|a SNBRB2010/01
|2 snkbucl
|
| 038 |
|
|
|a SNKBUCL
|
| 040 |
|
|
|a SNKBUCL
|b slo
|c SNKBUCL
|e AACR2
|
| 041 |
0 |
|
|a slo
|
| 044 |
|
|
|a xo
|c SK
|
| 080 |
|
|
|a 796.966.093.1
|2 2001
|
| 245 |
0 |
0 |
|a Slovan v hodine dvanástej!
|b hokejová Slovnaft extraliga - 33. kolo: kroták prepisoval históriu
|
| 300 |
|
|
|b Tab.
|
| 648 |
|
7 |
|a sezóna 2009/2010
|2 snkbucl
|9 1034617
|
| 650 |
0 |
7 |
|a ľadový hokej
|2 snkbucl
|9 3231
|
| 650 |
0 |
7 |
|a extraliga
|2 snkbucl
|9 18992
|
| 650 |
0 |
7 |
|a 33. kolo
|2 snkbucl
|9 1033767
|
| 773 |
0 |
|
|t Šport
|g Roč. 64, č. 4 (7.1.2009), s. 7-9
|x 0139-7001
|
| 852 |
|
|
|a SNK
|b KIS3GCP
|
| 999 |
|
|
|c 1709986
|d 1711916
|